All 2,611 U.S. Urban Areas on a Map - Statistics

General Stats
  • This quiz has been taken 69 times
    58 since last reset
  • The average score is 408 of 2611
Answers on the Map
Answers color-coded by a green-red scale on the quiz's map according to % correct below.
 
Answer Stats
City % Correct
Portland
85%
Charleston
77%
Las Vegas/Henderson/Paradise
77%
Mount Washington
77%
Seattle/Tacoma
77%
Stillwater/WI
77%
Virginia Beach/Norfolk
77%
Washington
77%
Washington/Arlington
77%
Anchorage
73%
Chicago
73%
Honolulu
73%
Jackson
73%
Miami
73%
Miami/Fort Lauderdale
73%
Sandy
73%
Anna
69%
Atlanta
69%
Columbus
69%
Dallas
69%
Dallas/Fort Worth/Arlington
69%
Houston
69%
Las Vegas
69%
Los Angeles/Long Beach/Anaheim
69%
Melissa/Anna
69%
Richmond
69%
Salem
69%
Winston/Salem
69%
Austin
65%
Baltimore
65%
Denver/Aurora
65%
Detroit
65%
El Paso
65%
Fairbanks
65%
Jacksonville
65%
Juneau
65%
Lafayette/Erie/Louisville
65%
New York/Jersey City/Newark
65%
Philadelphia
65%
Phoenix/Mesa/Scottsdale
65%
Reno
65%
San Diego
65%
Albany
62%
Albany/Schenectady
62%
Albuquerque
62%
Boston
62%
Buffalo
62%
Charlotte
62%
Cleveland
62%
Dayton
62%
Indiana/White
62%
Lexington/Fayette
62%
Salt Lake City
62%
San Francisco/Oakland
62%
San Jose
62%
Springfield
62%
Tampa/Saint Petersburg
62%
Birmingham
58%
Cincinnati
58%
Columbia
58%
Dover/Rochester
58%
Hampstead/Manchester
58%
Kansas City
58%
Key West
58%
Lexington
58%
Louisville
58%
Madison
58%
Memphis
58%
Nashville
58%
Nashville/Davidson
58%
New Orleans
58%
Orland
58%
Orlando
58%
Providence
58%
Sacramento
58%
Virginia
58%
Worth/Lexington
58%
Atlantic
54%
Atlantic City/Ocean City/Villas
54%
Auburn
54%
Bakersfield
54%
Benton Harbor/Lincoln/Saint Joseph
54%
Boise
54%
Cheyenne
54%
Indianapolis
54%
Lincoln
54%
Lincoln City
54%
Manchester
54%
Pittsburg
54%
Rochester
54%
San Antonio
54%
Sioux Falls
54%
Spokane
54%
Tucson
54%
Alma/Saint Louis
50%
Ann Arbor
50%
Baton Rouge
50%
Bend
50%
Billings
50%
Bridgeport/Stamford
50%
Casper
50%
Green Bay
50%
Greenville
50%
Harrisburg
50%
Jefferson
50%
Lancaster
50%
Lancaster/Manheim
50%
Minneapolis/Saint Paul
50%
Newark
50%
New Haven
50%
Oklahoma City
50%
Omaha
50%
Palmdale/Lancaster
50%
Raleigh
50%
Riverside/San Bernardino
50%
Saint George
50%
Saint Louis
50%
Sioux City
50%
Toledo
50%
Trenton
50%
Williams
50%
Wilmington
50%
York
50%
Akron
46%
Athens
46%
Aurora
46%
California/Brownsville
46%
Colorado Springs
46%
Concord
46%
Concord/Walnut Creek
46%
Corpus Christi
46%
Dover
46%
Fargo
46%
Fresno
46%
Hartford
46%
Hilo
46%
Huntsville
46%
Little Rock
46%
Livermore/Pleasanton/Dublin
46%
Milwaukee
46%
Mobile
46%
Montgomery
46%
New Philadelphia/Dover
46%
Norfolk
46%
Oakland
46%
Pittsburgh
46%
Syracuse
46%
Tulsa
46%
Augusta
42%
Bismarck
42%
Bozeman
42%
Brownsville
42%
Burlington
42%
Carson City
42%
Clinton/Fulton
42%
Duluth
42%
Erie
42%
Eugene
42%
Flagstaff
42%
Franklin
42%
Grand Rapids
42%
Harrison
42%
Iowa City
42%
Lafayette
42%
LaFayette
42%
Lansing
42%
Las Cruces
42%
Manhattan
42%
Morgantown
42%
Nantucket
42%
Ogden/Layton
42%
Provo/Orem
42%
Rapid City
42%
Redding
42%
Santa Fe
42%
Savannah
42%
Scranton
42%
South Pittsburg/Bridgeport
42%
Tallahassee
42%
Yuma
42%
Alexandria
38%
Allentown/Bethlehem
38%
Arlington
38%
Bradenton/Sarasota/Venice
38%
Coeur d'Alene
38%
Durham
38%
Fayetteville/Springdale/Rogers
38%
Flint
38%
Gainesville
38%
Henderson
38%
Huntington
38%
Jamestown
38%
Knoxville
38%
Lee
38%
Lewiston
38%
Lubbock
38%
Macon
38%
McAllen
38%
Portsmouth
38%
Reading
38%
Rockford
38%
Rome
38%
Santa Clarita
38%
South Bend
38%
Stockton
38%
Waterbury
38%
Wichita
38%
Williamsburg
38%
Youngstown
38%
Amarillo
35%
Ames
35%
Bangor
35%
Blacksburg/Christiansburg
35%
Bloomington
35%
Bloomington/Normal
35%
Boulder
35%
Butte/Silver Bow
35%
Canton
35%
Chattanooga
35%
Clinton
35%
Denton/Lewisville
35%
Des Moines
35%
Dublin
35%
Evansville
35%
Fayetteville
35%
Fort Collins
35%
Fort Wayne
35%
Grand Forks
35%
Gulfport/Biloxi
35%
Helena
35%
Helena/West Helena
35%
Kissimmee/Saint Cloud
35%
McKinney/Frisco
35%
Monroe
35%
Montauk
35%
Myrtle Beach/North Myrtle Beach
35%
Newport
35%
Norman
35%
Norwich/New London
35%
Ocean Pines/Ocean City
35%
Odessa
35%
Olympia/Lacey
35%
Pana
35%
Pensacola
35%
Pueblo
35%
Roanoke
35%
Saint Peter
35%
Shreveport
35%
State College
35%
Texarkana
35%
Topeka
35%
Tyler
35%
Waco
35%
Yakima
35%
Altoona
31%
Appleton
31%
Asheville
31%
Ashland
31%
Aspen
31%
Barre/Montpelier
31%
Bel Air/Aberdeen
31%
Binghamton
31%
Cape Coral
31%
Charlottesville
31%
Chester
31%
College Station/Bryan
31%
Davenport
31%
Daytona Beach/Palm Coast/Port Orange
31%
Denton
31%
Douglas
31%
Eden
31%
Ely
31%
Eureka
31%
Evanston
31%
Firestone/Frederick
31%
Florence
31%
Fort Smith
31%
Frankfort
31%
Frederick
31%
Galveston/Texas City
31%
Grand Junction
31%
Great Falls
31%
Harriman/Kingston/Rockwood
31%
Hattiesburg
31%
Hot Springs
31%
Indio/Palm Desert/Palm Springs
31%
Jonesboro
31%
Kalamazoo
31%
Kennewick/Richland/Pasco
31%
Kingston
31%
Kodiak/Mill Bay
31%
Lake Charles
31%
Laredo
31%
Lawrence
31%
Lebanon
31%
Logan
31%
Midland
31%
Modesto
31%
Moscow
31%
Napa
31%
Orange
31%
Palm Bay/Melbourne
31%
Panama City/Panama City Beach
31%
Peoria
31%
Saint Cloud
31%
Salina
31%
San Luis
31%
Santa Barbara
31%
Santa Cruz
31%
Santa Rosa
31%
Stevensville/Chester/Romancoke
31%
Traverse City/Garfield
31%
Valdosta
31%
Vicksburg
31%
Victoria
31%
Worcester
31%
Aberdeen
27%
Abilene
27%
Ada
27%
Anderson/Clemson
27%
Beaumont
27%
Bellevue
27%
Bristol
27%
Brunswick
27%
Brunswick/Saint Simons
27%
Camden
27%
Camden/Lugoff
27%
Clarksville
27%
Dothan
27%
Eau Claire
27%
Fredericksburg
27%
Fremont
27%
Georgetown
27%
Green River
27%
Greensboro
27%
Hamilton
27%
Harrisonburg
27%
Hickory
27%
Idaho Falls
27%
Irvine
27%
Jefferson City
27%
Johnson City
27%
Kahului/Wailuku
27%
Kailua
27%
Kailua/Kaneohe
27%
Ketchikan
27%
Kingsland/Saint Marys
27%
La Crosse
27%
Lakeland
27%
London/Corbin
27%
Lynchburg
27%
Marietta
27%
Marysville
27%
Maytown/Marietta
27%
Medford
27%
Merced
27%
Meridian
27%
Mesquite
27%
Middletown
27%
Missoula
27%
Monmouth/Independence
27%
Mount Pleasant
27%
Mount Vernon
27%
Murfreesboro
27%
Nashua
27%
New Bedford
27%
New London
27%
Norwich
27%
Paris
27%
Pierre
27%
Pittsfield
27%
Pocatello
27%
Poughkeepsie/Newburgh
27%
Redmond
27%
Roswell
27%
Saint Joseph
27%
Saint Marys
27%
Salisbury
27%
San Luis Obispo
27%
San Marcos
27%
Sault Ste. Marie
27%
Sheridan
27%
Sitka
27%
Spicer/New London
27%
Suffolk
27%
Tuscaloosa
27%
Utica
27%
Vallejo
27%
Victorville/Hesperia/Apple Valley
27%
Vineland
27%
Walla Walla
27%
Wasilla/Knik/Fairview/North Lakes
27%
Bay City
23%
Bellingham
23%
Bemidji
23%
Bowling Green
23%
Cairo
23%
Calexico
23%
Cambridge
23%
Cedar Rapids
23%
Champaign
23%
Charlestown
23%
Chico
23%
Cody
23%
Dalton
23%
Danbury
23%
Dubuque
23%
Elgin
23%
Elko
23%
Enterprise
23%
Fairfield
23%
Gillette
23%
Grand Island
23%
Hanover
23%
Hempstead
23%
Hilton
23%
Independence
23%
Ithaca
23%
Joplin
23%
Kenosha
23%
Key Largo
23%
Kingsport
23%
Lake Havasu City
23%
London
23%
Long Beach
23%
Lowell
23%
Marathon
23%
Marquette
23%
Minot
23%
Nampa
23%
Navarre/Miramar Beach/Destin
23%
Oneida
23%
Ontario/Payette
23%
Oshkosh
23%
Oxnard/San Buenaventura (Ventura)
23%
Port Charlotte/North Port
23%
Port Saint Lucie
23%
Prescott/Prescott Valley
23%
Princeton
23%
Quincy
23%
Ranson/Charles Town
23%
Rexburg
23%
Rocky Mount
23%
Rutland
23%
Saginaw
23%
Salinas
23%
Sandusky/Port Clinton
23%
Santa Maria
23%
Seaford/Laurel/Bridgeville
23%
Somerset
23%
South Lake Tahoe
23%
Sparta
23%
Spartanburg
23%
Steamboat Springs
23%
Stillwater
23%
Taos
23%
Temecula/Murrieta/Menifee
23%
Troy
23%
Twin Falls
23%
Warner Robins
23%
Warwick
23%
Waterloo
23%
Watertown
23%
Wichita Falls
23%
Winchester
23%
Amsterdam
19%
Anderson
19%
Anniston/Oxford
19%
Antioch
19%
Beaufort/Port Royal
19%
Berlin
19%
Bluffton East/Hilton Head Island
19%
Blythe
19%
Brookings
19%
Bryan
19%
Cape Girardeau
19%
Carbondale
19%
Carrollton
19%
Conway
19%
Corvallis
19%
Crescent City
19%
Davis
19%
Decatur
19%
Dodge City
19%
Eagle
19%
Edwards/Avon
19%
El Centro
19%
Elizabethtown/Radcliff
19%
Farmington
19%
Foley/Gulf Shores
19%
Fond du Lac
19%
Frisco
19%
Gettysburg/Cumberland
19%
Greenfield
19%
Greensburg
19%
Hagerstown
19%
Hamburg/Vernon/Highland Lakes
19%
Hammond
19%
High Point
19%
Hillsboro
19%
Hudson
19%
Kalispell
19%
Lake City
19%
Lake of the Woods
19%
Laramie
19%
Lawton
19%
Lexington Park/California/Chesapeake Ranch Estates
19%
Longview
19%
Madera
19%
Mansfield
19%
Maricopa
19%
Marion
19%
Marion/Herrin
19%
Mauldin/Simpsonville
19%
Menomonie
19%
Milford
19%
Muskegon/Norton Shores
19%
Natchez
19%
New Braunfels
19%
Newton
19%
Ocala
19%
Oneonta
19%
Oswego
19%
Oxford
19%
Parker
19%
Patterson
19%
Pinehurst/Magnolia
19%
Plattsburgh
19%
Plymouth
19%
Port Arthur
19%
Presque Isle
19%
Provincetown
19%
Pullman
19%
Ravena/Bethlehem
19%
Riverhead/Southold
19%
Saint Augustine
19%
San Angelo
19%
Scottsbluff
19%
Seaside/Monterey/Pacific Grove
19%
Selma
19%
Sheboygan
19%
South Lyon/Hamburg/Genoa
19%
Spencer
19%
Statesboro
19%
Storrs
19%
Taylor
19%
The Villages/Lady Lake
19%
The Woodlands/Conroe
19%
Torrington
19%
Uvalde
19%
Vail
19%
Warren
19%
Weston
19%
West Wendover
19%
Wheeling
19%
Williamsport
19%
Winnemucca
19%
Yuba City
19%
Adel
15%
Alamogordo
15%
Ashburn
15%
Barstow
15%
Battle Creek
15%
Beckley
15%
Bedford
15%
Belfast
15%
Benton
15%
Bishop
15%
Bloomfield
15%
Boulder City
15%
Branson
15%
Bremerton
15%
Burns
15%
Carlsbad
15%
Caro
15%
Carthage
15%
Cedar City
15%
Clovis
15%
Coos Bay
15%
Crestview
15%
Eagle Pass
15%
El Dorado
15%
Elkhart
15%
Elmira
15%
Enid
15%
Fallon
15%
Freeport
15%
Fulton
15%
Gallup
15%
Geneva
15%
Gilroy/Morgan Hill
15%
Glasgow
15%
Glens Falls
15%
Grants
15%
Greeley
15%
Greenwood
15%
Harvard
15%
Hinesville
15%
Holly
15%
Houghton/Hancock
15%
Houma
15%
Johnstown
15%
Jordan
15%
Kapaa
15%
Keene
15%
Kenai
15%
Lake Geneva
15%
Laurel
15%
Leesburg/Eustis/Tavares
15%
Leominster/Fitchburg
15%
Lewes/Rehoboth Beach
15%
Liberty
15%
Lihue
15%
Lodi
15%
Los Alamos
15%
Mankato
15%
Marshall
15%
Martin
15%
Maryville
15%
Massena
15%
Milan
15%
Milton
15%
Milton/Freewater
15%
Mission Viejo/Lake Forest/Laguna Niguel
15%
Mitchell
15%
Moab
15%
Mountain Home
15%
Muncie
15%
Muncy
15%
Newberg
15%
Nogales
15%
Oregon
15%
Paducah
15%
Page
15%
Pahrump
15%
Parkersburg
15%
Phoenix West/Goodyear/Avondale
15%
Pine Bluff
15%
Point Pleasant/Gallipolis
15%
Port Angeles
15%
Potsdam
15%
Racine
15%
Rock Hill
15%
Rockland
15%
Rock Springs
15%
Saint Johns
15%
Saratoga Springs
15%
Seward
15%
Sherman/Denison
15%
Simi Valley
15%
Slidell
15%
Spring Hill
15%
Springhill
15%
Staunton/Waynesboro
15%
Steubenville/Weirton
15%
Sturgis
15%
Sumter
15%
Susanville
15%
Sylva
15%
Temple
15%
Terre Haute
15%
Thousand Oaks
15%
Titusville
15%
Truth or Consequences
15%
Tupelo
15%
Tybee Island
15%
Urbana
15%
Vacaville
15%
Valley/Lanett
15%
Vermillion
15%
Vineyard Haven/Edgartown/Oak Bluffs
15%
Visalia
15%
Waterville
15%
Wausau
15%
Wellington
15%
Westerly
15%
Westminster
15%
West Point
15%
West Point/Highland Falls
15%
Woodland
15%
Woodstock
15%
Yreka
15%
Amherst Town/Northampton/Easthampton Town
12%
Anaconda
12%
Anchorage Northeast
12%
Arcadia
12%
Ashtabula
12%
Ashville
12%
Astoria
12%
Aubrey
12%
Avalon
12%
Bainbridge
12%
Barnstable Town
12%
Batesville
12%
Belgrade
12%
Beloit
12%
Bennington
12%
Bethel
12%
Beverly Hills/Homosassa Springs/Pine Ridge
12%
Big Bear
12%
Big Stone Gap
12%
Bisbee
12%
Bonita Springs/Estero
12%
Box Elder
12%
Breckenridge
12%
Bullhead City
12%
Cartersville
12%
Casa Grande
12%
Castle Rock
12%
Chambersburg
12%
Claremont
12%
Colorado City
12%
Corning
12%
Corry
12%
Cumberland
12%
Danville
12%
Danville/Mahoning
12%
DeKalb
12%
Delano
12%
Del Rio
12%
Deltona
12%
Desert Hot Springs
12%
Detroit Lakes
12%
Dickinson
12%
Dillon
12%
Dunn
12%
East Hampton North/Springs/Northwest Harbor
12%
Eaton
12%
Elizabeth City
12%
Exeter
12%
Fairhope/Daphne
12%
Fernandina Beach/Yulee
12%
Fernley
12%
Fire Island
12%
Flemington/Raritan
12%
Four Corners
12%
Garden City
12%
Gastonia
12%
Germantown
12%
Globe
12%
Goldsboro
12%
Gonzales
12%
Grafton
12%
Grafton/Port Washington/Cedarburg
12%
Grants Pass
12%
Grass Valley
12%
Greeneville
12%
Grove
12%
Hampshire
12%
Hastings
12%
Heber
12%
Heber/Overgaard
12%
Hemet
12%
Hobbs
12%
Hopkinsville
12%
Huntsville Southeast
12%
Huron
12%
Incline Village
12%
Indianola
12%
International Falls
12%
Iola
12%
Jerome
12%
Kill Devil Hills/Nags Head
12%
Killeen
12%
Kingman
12%
Kiryas Joel
12%
Kokomo
12%
Kuna
12%
Lahaina/Napili/Honokowai
12%
Leavenworth
12%
Lee's Summit
12%
Lewistown
12%
Liberal
12%
Litchfield
12%
Little Falls
12%
Lorain/Elyria
12%
Los Lunas
12%
Madisonville
12%
Magnolia
12%
Mammoth Lakes
12%
Mandeville/Covington
12%
Marinette/Menominee
12%
Marseilles
12%
McGregor
12%
Michigan City/La Porte
12%
Middlebury
12%
Monroeville
12%
Monticello
12%
Morris
12%
Morristown
12%
Muskogee
12%
Needles
12%
Nevada
12%
New Bern
12%
North Platte
12%
Norwalk
12%
Okeechobee/Taylor Creek
12%
Orangeburg
12%
Owensboro
12%
Palestine
12%
Park City/Snyderville
12%
Pascagoula/Gautier
12%
Pecos
12%
Pepperell
12%
Perry
12%
Pinehurst/Southern Pines
12%
Plainview
12%
Pleasanton
12%
Princeville
12%
Rawlins
12%
Riverton
12%
Rockport
12%
Roosevelt
12%
Ruston
12%
Saint Albans
12%
Saint James
12%
Sandpoint
12%
Seaside
12%
Sebring/Avon Park
12%
Seneca
12%
Sierra Vista
12%
Smithville
12%
Soldotna
12%
Sonoma
12%
Spearfish
12%
Star
12%
Staunton
12%
Thief River Falls
12%
Thomasville
12%
Tracy/Mountain House
12%
Twentynine Palms
12%
Valparaiso/Shorewood Forest
12%
Vernon
12%
Vidalia
12%
Waldorf
12%
Warsaw
12%
Wayne
12%
Waynesboro
12%
Waynesburg
12%
Wenatchee
12%
Whitefish
12%
Willimantic
12%
Winona
12%
Winter Haven
12%
Yankton
12%
Zapata/Medina
12%
Alamosa
8%
Albertville
8%
Albion
8%
Alliance
8%
Alton
8%
Altus
8%
Americus
8%
Arab
8%
Aransas Pass/Port Aransas/Ingleside
8%
Arcata
8%
Ardmore
8%
Arizona City
8%
Arkadelphia
8%
Artesia
8%
Atchison
8%
Athol
8%
Aztec
8%
Baker City
8%
Bartlesville
8%
Batavia
8%
Bath
8%
Bay Minette
8%
Beatrice
8%
Beeville
8%
Belle Fourche
8%
Belton
8%
Big Pine Key
8%
Bluefield
8%
Bluffton
8%
Blytheville
8%
Bolivar
8%
Bonham
8%
Boone
8%
Borger
8%
Brainerd
8%
Brandon
8%
Brattleboro
8%
Bridgeton
8%
Brigham City
8%
Brookfield
8%
Buckeye
8%
Buellton
8%
Buena Vista
8%
Buies Creek/Lillington
8%
Burley
8%
Calhoun
8%
Camarillo
8%
Cameron
8%
Cañon City
8%
Carroll
8%
Celina
8%
Center
8%
Central City
8%
Chardon
8%
Chelan
8%
Childress
8%
Chillicothe
8%
Chincoteague
8%
Circleville
8%
Clarksburg
8%
Clayton
8%
Clover
8%
Coalinga
8%
Cobleskill
8%
Colby
8%
Colchester
8%
Colonial Beach
8%
Columbia Falls
8%
Cordele
8%
Corinth
8%
Cornelia/Baldwin
8%
Cottage Grove
8%
Cottonwood/Verde Village
8%
Crookston
8%
Cullman
8%
Dalhart
8%
DeFuniak Springs
8%
Delhi
8%
Deming
8%
Denton Southwest
8%
De Queen
8%
Devils Lake
8%
Dexter
8%
Dumas
8%
Duncan
8%
Dunkirk/Fredonia
8%
Durango
8%
Durant
8%
Easton
8%
Edenton
8%
El Reno
8%
Emporia
8%
Española
8%
Estes Park
8%
Evergreen
8%
Fairmont
8%
Falcon
8%
Firebaugh
8%
Forest City/Spindale
8%
Forrest City
8%
Fort Bragg
8%
Fort Leonard Wood/Saint Robert/Waynesville
8%
Fort Morgan
8%
Fort Scott
8%
Fort Stockton
8%
Fortuna
8%
Gadsden
8%
Galax
8%
Galesburg
8%
Gardnerville
8%
Glenwood
8%
Glenwood Springs
8%
Gloversville
8%
Goodland
8%
Gustine
8%
Guymon
8%
Gypsum
8%
Hailey
8%
Hampstead
8%
Hanford
8%
Harlan
8%
Harrisonville
8%
Havre
8%
Hays
8%
Highland
8%
Hillsborough
8%
Holland
8%
Hood River
8%
Hope
8%
Hornell
8%
Houlton
8%
Huntingdon
8%
Hurricane
8%
Hutchinson
8%
Iowa Falls
8%
Iron Mountain/Kingsford
8%
Janesville
8%
Jesup
8%
Junction City
8%
Kankakee
8%
Kearney
8%
Kennett
8%
Ketchum
8%
Kihei
8%
King City
8%
Kingsland
8%
Klamath Falls/Altamont
8%
Kosciusko
8%
Krum
8%
Laconia
8%
LaGrange
8%
La Grange
8%
Lake Placid
8%
Landrum/Tryon
8%
Laughlin
8%
Lawrenceville
8%
Levelland
8%
Lewisburg
8%
Lima
8%
Lindale/Hideaway
8%
Lindsay
8%
Livingston
8%
Lockport
8%
Lompoc
8%
Longmont
8%
Louisa
8%
Lumberton
8%
Malone
8%
Malvern
8%
Manitowoc
8%
Marana
8%
Marianna
8%
Marshalltown
8%
Martinsville
8%
Mason City
8%
McFarland
8%
McKinleyville
8%
McMinnville
8%
Meadville
8%
Mechanicville
8%
Mena
8%
Middlesborough
8%
Middleton
8%
Miles City
8%
Milledgeville
8%
Monessen
8%
Montrose
8%
Mount Airy
8%
Murray
8%
Natchitoches
8%
Nebraska City
8%
Neosho
8%
New Albany
8%
New Castle
8%
New Paltz
8%
New Tazewell/Tazewell
8%
Nice
8%
North Adams
8%
Oakdale
8%
Ocean View
8%
Ogdensburg
8%
Olean
8%
Osceola
8%
Otsego/Plainwell
8%
Ottawa
8%
Ozark
8%
Pacific
8%
Palatka
8%
Paragould
8%
Parsons
8%
Pembroke
8%
Pendleton
8%
Peru/LaSalle
8%
Petaluma
8%
Pikeville
8%
Placerville/Diamond Springs
8%
Pocahontas
8%
Poinciana
8%
Pontiac
8%
Poplar Bluff
8%
Porterville
8%
Port Huron
8%
Port Jervis
8%
Port Lavaca
8%
Port Townsend
8%
Powell
8%
Pratt
8%
Princess Anne
8%
Pulaski
8%
Putnam/Killingly
8%
Radford
8%
Rathdrum
8%
Raymond
8%
Reedley/Dinuba
8%
Republic
8%
Richfield
8%
Ridgecrest
8%
Ridgefield
8%
Rifle
8%
Ripley
8%
Roanoke Rapids
8%
Round Lake Beach/McHenry/Grayslake
8%
Roxboro
8%
Russell
8%
Saint Johnsbury
8%
Salamanca
8%
Salida
8%
San Diego Country Estates
8%
Sanford
8%
Sanger
8%
Santa Paula
8%
Sayre/Waverly
8%
Scottsville
8%
Searcy
8%
Sedona
8%
Seguin
8%
Sevierville
8%
Shawnee
8%
Shelby
8%
Shelbyville
8%
Show Low
8%
Sidney
8%
Sikeston
8%
Silverthorne/Keystone
8%
Snoqualmie
8%
Snowmass Village
8%
Socorro
8%
Solvang/Santa Ynez
8%
Sonora/Twain Harte
8%
South Boston
8%
Starkville
8%
Statesville
8%
Sterling
8%
Sullivan
8%
Sullivan/Sylvan Beach
8%
Sulphur
8%
Summerset
8%
Swatara
8%
Sweetwater
8%
Tazewell
8%
Telluride/Mountain Village
8%
The Dalles
8%
Thomaston
8%
Tifton
8%
Tillamook
8%
Treasure Lake
8%
Tri-City/Myrtle Creek
8%
Trinidad
8%
Truckee
8%
Tucumcari
8%
Tulare
8%
Turlock
8%
Tuskegee
8%
Ukiah
8%
Union
8%
Vero Beach/Sebastian
8%
Versailles
8%
Vincennes
8%
Wahpeton
8%
Wales
8%
Walnut Ridge
8%
Ware
8%
Wasco
8%
Washington Court House
8%
Waterford
8%
Watsonville
8%
Waverly
8%
Waynesville
8%
Wendell
8%
Willard
8%
Williamston
8%
Williston
8%
Willits
8%
Wilson
8%
Winchendon
8%
Winder
8%
Winslow
8%
Xenia
8%
Yucca Valley
8%
Zebulon
8%
Abbeville
4%
Adairsville
4%
Adrian
4%
Ahoskie
4%
Albemarle
4%
Albert Lea
4%
Alexander City
4%
Algona
4%
Alice
4%
Alpena
4%
Alpine
4%
Altavista
4%
Amory
4%
Anacortes
4%
Andalusia
4%
Andrews
4%
Angleton
4%
Angola
4%
Arkansas City
4%
Arroyo Grande/Grover Beach/Pismo Beach
4%
Asbury Lake/Middleburg
4%
Asheboro
4%
Atmore
4%
Atoka
4%
Avenal
4%
Barbourville
4%
Bardstown
4%
Barnesville
4%
Basalt
4%
Bastrop
4%
Batesburg/Leesville
4%
Battlement Mesa
4%
Baxley
4%
Bayard
4%
Beardstown
4%
Beaver Dam
4%
Beebe
4%
Bellefontaine
4%
Bellows Falls
4%
Bennettsville
4%
Benson
4%
Berea
4%
Berryville
4%
Big Spring
4%
Blackfoot
4%
Blair
4%
Bloomsburg/Berwick
4%
Blowing Rock
4%
Bluffton West
4%
Boerne
4%
Bogalusa
4%
Booneville
4%
Boonville
4%
Bowie
4%
Bradford
4%
Brady
4%
Brawley
4%
Brazil
4%
Breaux Bridge
4%
Breese
4%
Bremen
4%
Brevard
4%
Brewton
4%
Brockport
4%
Brookhaven
4%
Brooksville
4%
Brookville
4%
Brownwood
4%
Brush
4%
Buchanan
4%
Buckeye North
4%
Buckhannon
4%
Burnet
4%
Butler
4%
Byron
4%
Camdenton
4%
Camilla
4%
Campbellsville
4%
Canandaigua
4%
Canastota
4%
Canyon
4%
Canyon Lake
4%
Carmi
4%
Carrizo Springs
4%
Caruthersville
4%
Catskill
4%
Cedartown
4%
Centerville
4%
Centralia
4%
Chadron
4%
Chanute
4%
Chapin
4%
Charlevoix
4%
Chatsworth
4%
Cheboygan
4%
Chelsea
4%
Cheney
4%
Cheraw
4%
Cherokee
4%
Cherryville
4%
Chestertown
4%
Chisholm
4%
Chittenango
4%
Chowchilla
4%
Clanton
4%
Claremore
4%
Clarksdale
4%
Clearfield
4%
Clewiston
4%
Clifton Forge
4%
Clifton Springs
4%
Cloquet
4%
Cloverdale
4%
Clyde
4%
Cochran
4%
Coffeyville
4%
Coleman
4%
Collins
4%
Collinsville
4%
Columbiana
4%
Colusa
4%
Colville
4%
Commerce
4%
Conneaut
4%
Conneaut Lakeshore
4%
Cookeville
4%
Coolidge
4%
Corcoran
4%
Cortez
4%
Cortland
4%
Corydon
4%
Coshocton
4%
Covington
4%
Coxsackie
4%
Craig
4%
Crawfordville
4%
Creedmoor
4%
Cresson
4%
Creston
4%
Crete
4%
Crossett
4%
Crossville
4%
Crowley
4%
Crozet
4%
Crystal City
4%
Crystal Springs
4%
Cuero
4%
Cullowhee
4%
Cynthiana
4%
Dahlonega
4%
Dansville
4%
Dayton Northeast
4%
Dayton Southwest
4%
Decorah
4%
Defiance
4%
Delta
4%
Demopolis
4%
Denison
4%
DeRidder
4%
De Soto
4%
DeWitt
4%
Diamondhead
4%
Dickson
4%
Dixon
4%
Donaldsonville
4%
Dos Palos
4%
Du Quoin
4%
Dyersburg
4%
Eagle Mountain
4%
East Aurora
4%
East Liverpool
4%
Eastman
4%
East Palestine
4%
East Stroudsburg/Stroudsburg
4%
Edgerton
4%
Edinboro
4%
Edna
4%
Effingham
4%
Elberton
4%
El Campo
4%
Eldersburg
4%
Elk City
4%
Elkins
4%
Elkton
4%
Ellensburg
4%
Ellijay
4%
El Paso de Robles (Paso Robles)/Atascadero
4%
Elsa
4%
Emmett
4%
Ennis
4%
Ephraim
4%
Ephrata
4%
Erwin
4%
Escalon
4%
Escanaba
4%
Etowah
4%
Eufaula
4%
Eunice
4%
Excelsior Springs
4%
Fairfield Glade
4%
Falfurrias
4%
Fallbrook
4%
Falls City
4%
Faribault
4%
Farmville
4%
Fergus Falls
4%
Ferriday
4%
Findlay
4%
Fitzgerald
4%
Flora
4%
Florence East
4%
Florence West
4%
Floresville
4%
Forsyth
4%
Fort Dodge
4%
Fort Irwin
4%
Fort Lupton
4%
Fort Madison
4%
Fort Payne
4%
Fort Polk South
4%
Fort Rucker/Daleville
4%
Fort Valley
4%
Fraser
4%
Fredericktown
4%
Friday Harbor
4%
Front Royal
4%
Frostproof
4%
Gaffney
4%
Galliano/Larose/Cut Off
4%
Galt
4%
Gatesville
4%
Geneseo
4%
Genoa
4%
Glendive
4%
Goodyear South
4%
Governors Club
4%
Grand Lake
4%
Grandview
4%
Grantsville
4%
Grayson
4%
Greencastle
4%
Greendale/Lawrenceburg/Hidden Valley
4%
Grenada
4%
Griffin
4%
Grinnell
4%
Guadalupe
4%
Gunnison
4%
Half Moon Bay
4%
Hammonton
4%
Hannibal
4%
Harlingen
4%
Harrington
4%
Harrodsburg
4%
Hartselle
4%
Hartsville
4%
Hartwell
4%
Havelock
4%
Hayes
4%
Hazard
4%
Hazlehurst
4%
Hazleton
4%
Heber Springs
4%
Henryetta
4%
Hereford
4%
Hermiston
4%
Hibbing
4%
Holden Beach
4%
Holdrege
4%
Hollister
4%
Holly Springs
4%
Holtville
4%
Hondo
4%
Hoopeston
4%
Horse Cave
4%
Hot Springs Village
4%
Hugo
4%
Humboldt
4%
Huntingburg
4%
Ilion/Herkimer
4%
Indian Head
4%
Inman
4%
Ione
4%
Iowa Park
4%
Ipswich
4%
Ironwood
4%
Isanti
4%
Jasper
4%
Jeanerette
4%
Jennings
4%
Jersey Shore
4%
Johnson Lane
4%
Joshua Tree
4%
Kaplan
4%
Keokuk
4%
Kerman
4%
Kermit
4%
Kerrville
4%
Keyser
4%
Kilgore
4%
Kimberling City
4%
Kingsburg
4%
Kings Mountain
4%
Kingstree
4%
Kingsville
4%
Kinston
4%
Kirksville
4%
Kirtland
4%
La Follette
4%
Lago Vista
4%
La Grande
4%
La Junta
4%
Lake Conroe Eastshore
4%
Lake Conroe Westshore
4%
Lake Erie Beach
4%
Lake Jackson
4%
Lake Monticello
4%
Lake Pocotopaug
4%
Lake Royale
4%
Lamar
4%
Lamesa
4%
Lampasas
4%
Lander
4%
La Plata
4%
Laurens
4%
Laurinburg
4%
Lawrenceburg
4%
Lead
4%
Leadville
4%
Leesville
4%
Leisuretowne
4%
Leitchfield
4%
Lemoore
4%
Leonardtown
4%
Le Roy
4%
Libby
4%
Lincolnton
4%
Linton
4%
Litchfield Beach
4%
Littlefield
4%
Live Oak
4%
Lockhart
4%
Logansport
4%
Long Neck
4%
Los Banos
4%
Los Osos
4%
Lovington
4%
Luling
4%
Luray
4%
Macclenny
4%
Macomb
4%
Madras
4%
Manning
4%
Manor
4%
Manteno
4%
Manteo
4%
Maquoketa
4%
Marble Falls
4%
Marksville
4%
Marlin
4%
Mathis
4%
Mattoon
4%
Mayfield
4%
Mayodan
4%
Maysville
4%
Mayville
4%
McAlester
4%
McCall
4%
McComb
4%
McCook
4%
McKenzie
4%
McPherson
4%
Medina
4%
Mendota
4%
Meredith
4%
Metropolis
4%
Mexia
4%
Mexico
4%
Midlothian
4%
Millersburg
4%
Millington
4%
Millsboro
4%
Minden
4%
Mineola
4%
Mocksville
4%
Monahans
4%
Monett
4%
Monmouth
4%
Mont Belvieu
4%
Montevallo
4%
Morehead
4%
Morehead City/Emerald Isle/Atlantic Beach
4%
Morgan City
4%
Morrilton
4%
Morro Bay
4%
Moses Lake
4%
Moultrie
4%
Moundsville
4%
Mountain Lake Park
4%
Mount Carmel
4%
Mount Horeb
4%
Mount Shasta
4%
Mount Sterling
4%
Muleshoe
4%
Mullins
4%
Munds Park
4%
Muscatine
4%
Navasota
4%
Nelsonville
4%
Nephi
4%
Newberry
4%
New Boston
4%
New Iberia
4%
New Lexington
4%
New Martinsville
4%
New Prague
4%
New Roads
4%
Nicholasville
4%
North East
4%
Northfield
4%
North Vernon
4%
North Windham
4%
Oak Harbor
4%
Oak Island
4%
Oak Ridge
4%
Oberlin
4%
Ocean Shores
4%
Ogallala
4%
Oil City
4%
Okmulgee
4%
Olney
4%
Omak
4%
Opelousas
4%
Opp
4%
Orange Cove
4%
Oroville
4%
Orrville
4%
Osage Beach
4%
Othello
4%
Ottumwa
4%
Owatonna
4%
Owego
4%
Pagosa Springs
4%
Paintsville
4%
Pampa
4%
Paola
4%
Paw Paw
4%
Paw Paw Lake
4%
Payson
4%
Payson/Santaquin
4%
Pea Ridge
4%
Pearsall
4%
Peculiar
4%
Pella
4%
Pell City
4%
Penn Yan
4%
Perryton
4%
Perryville
4%
Peru
4%
Philipsburg
4%
Picayune
4%
Pickens
4%
Pinetop/Lakeside
4%
Piqua
4%
Platte City
4%
Polson
4%
Ponca City
4%
Portage
4%
Portales
4%
Port Isabel/South Padre Island/Laguna Vista
4%
Poteau
4%
Prairie du Chien
4%
Prairie Grove
4%
Prescott Valley East
4%
Prestonsburg
4%
Price
4%
Prineville
4%
Pryor Creek
4%
Pueblo West
4%
Pukalani/Haiku/Pauwela/Makawao
4%
Purcell
4%
Purcellville
4%
Quartzsite
4%
Ramona
4%
Raton
4%
Raymondville
4%
Rayne
4%
Red Wing
4%
Reidsville
4%
Rensselaer
4%
Richlands
4%
Ridgway
4%
Rigby
4%
Rincon
4%
Rio Grande City/Roma
4%
Rio Verde
4%
Rio Vista
4%
Rising Sun
4%
River Falls
4%
Roaring Spring
4%
Robertsdale
4%
Robinson
4%
Robstown
4%
Rochelle
4%
Rockdale
4%
Rockingham
4%
Rockmart
4%
Rogersville
4%
Rolla
4%
Roseburg
4%
Roxborough Park
4%
Royse City
4%
Ruidoso
4%
Rumford
4%
Rupert
4%
Russellville
4%
Safford
4%
Sahuarita
4%
Saint Clair
4%
Saint James City
4%
Saint Martinville
4%
Sallisaw
4%
Sandersville
4%
Saranac Lake
4%
Schuyler
4%
Scott City
4%
Scottsboro
4%
Scottsburg
4%
Seabrook Island
4%
Sealy
4%
Sedalia
4%
Senatobia
4%
Severance
4%
Seymour
4%
Shafter
4%
Shamokin/Mount Carmel
4%
Sharon/Hermitage
4%
Shelley
4%
Shiprock
4%
Siler City
4%
Siloam Springs
4%
Silsbee
4%
Silver City
4%
Sinton
4%
Sioux Center
4%
Skowhegan
4%
Slaton
4%
Smithfield
4%
Snowflake
4%
Soledad
4%
Somerton
4%
South Berwick
4%
Southbridge Town
4%
South Hill
4%
Spirit Lake
4%
Spout Springs
4%
Stafford Springs
4%
Stansbury Park
4%
Starke
4%
Stevens Point
4%
Storm Lake
4%
Sturgeon Bay
4%
Stuttgart
4%
Sulphur Springs
4%
Summerville
4%
Summit Park
4%
Sunderland/South Deerfield
4%
Sunnyside
4%
Swainsboro
4%
Swansboro/Cedar Point
4%
Sweet Home
4%
Sylacauga
4%
Sylvester
4%
Taft
4%
Tahlequah
4%
Talladega
4%
Tallulah
4%
Tama
4%
Tarboro
4%
Tea
4%
Tehachapi/Golden Hills
4%
Tell City
4%
Tellico Village
4%
Terrell
4%
The Pinery
4%
Thomson
4%
Tiffin
4%
Toccoa
4%
Tooele
4%
Tremonton
4%
Trumann
4%
Tuba City
4%
Tullahoma
4%
Tupper Lake
4%
Tuscola
4%
Twentynine Palms North
4%
Tyrone
4%
Ulysses
4%
Union City
4%
Valley City
4%
Vandalia
4%
Van Wert
4%
Vernal
4%
Villa Rica
4%
Ville Platte
4%
Vinita
4%
Vinton
4%
Wadena
4%
Wadesboro
4%
Wagoner
4%
Walhalla
4%
Walterboro
4%
Warrensburg
4%
Waseca
4%
Watford City
4%
Watseka
4%
Wauchula
4%
Waycross
4%
Weatherford
4%
Weiser
4%
Wellsville
4%
West Columbia
4%
West Frankfort
4%
West Milford
4%
West Plains
4%
Wetumpka
4%
Wharton
4%
White House
4%
Whitehouse
4%
Whiteman AFB/Knob Noster
4%
White Rock
4%
Whiteville
4%
Wickenburg
4%
Wilkesboro/North Wilkesboro
4%
Willows
4%
Wilmore
4%
Winnfield
4%
Winnsboro
4%
Winters
4%
Wise/Norton
4%
Woodland Park
4%
Woodmont
4%
Wooster
4%
Worland
4%
World Golf Village
4%
Worthington
4%
Wynne
4%
Wytheville
4%
Yazoo City
4%
Yoakum
4%
Zachary
4%
Zanesville
4%
Zephyrhills
4%
Allegan
0%
Allendale
0%
Alva
0%
Alvarado
0%
Anadarko
0%
Anamosa
0%
Antigo
0%
Arvin
0%
Au Gres
0%
Bandon
0%
Baraboo
0%
Bartow
0%
Bayside Gardens/Manzanita
0%
Bealeton
0%
Belding
0%
Belfair
0%
Bellefonte
0%
Belle Glade
0%
Belle Plaine
0%
Belterra
0%
Big Lake
0%
Big Rapids
0%
Birch Bay
0%
Birdsboro/Amity
0%
Black River Falls
0%
Blackwell
0%
Blairsville
0%
Bonne Terre
0%
Boothbay Harbor
0%
Boyne City
0%
Brenham
0%
Broadway/Timberville
0%
Brownfield
0%
Browns Mills
0%
Bucyrus
0%
Burkburnett
0%
Burnt Store Marina
0%
Bushnell
0%
Cadillac
0%
Calistoga
0%
Calumet
0%
Cambria
0%
Camp Verde
0%
Canajoharie/Fort Plain
0%
Canby
0%
Carlinville
0%
Castroville/Prunedale
0%
Charles City
0%
Chesapeake Beach
0%
Chickasha
0%
Chino Valley
0%
Cienega Springs
0%
Clarinda
0%
Clarion
0%
Clay Center
0%
Clearlake
0%
Clear Lake
0%
Clearlake Riviera
0%
Cleburne
0%
Cle Elum
0%
Clintonville
0%
Coal City/Braidwood
0%
Cold Spring
0%
Cold Springs
0%
Coldwater
0%
Columbia City
0%
Concordia
0%
Conesus Lake
0%
Connell
0%
Connellsville
0%
Connersville
0%
Coolbaugh/Pocono Pines
0%
Coquille
0%
Corona de Tucson
0%
Corsicana
0%
Crawfordsville
0%
Crestline
0%
Crestline/Lake Arrowhead
0%
Creswell
0%
Crisfield
0%
Crockett
0%
Crystal River
0%
Culpeper
0%
Cushing
0%
Dade City
0%
Delavan
0%
Delphos
0%
Discovery Bay
0%
Dodgeville
0%
Dowagiac
0%
DuBois
0%
Dundee
0%
Durand
0%
Duvall
0%
Earlimart
0%
East Tawas
0%
East Troy
0%
Eaton Rapids
0%
Ebensburg
0%
Elburn
0%
Eldon
0%
Elkhorn
0%
Ellenville
0%
Ellwood City
0%
Elwood
0%
Estacada
0%
Estherville
0%
Eudora
0%
Fabens
0%
Fairbury
0%
Fenton
0%
Fillmore
0%
Fontana-on-Geneva Lake
0%
Forest Lake
0%
Forney
0%
Fort Atkinson
0%
Fort Meade
0%
Fostoria
0%
Frankenmuth
0%
Freeland
0%
Galion
0%
Gaylord/Bagley
0%
Gillespie
0%
Gilmer
0%
Glencoe
0%
Gold Canyon
0%
Graham
0%
Granbury
0%
Granite Falls
0%
Great Bend
0%
Green Valley
0%
Gridley
0%
Grissom AFB
0%
Grove City
0%
Gun Barrel City
0%
Guthrie
0%
Hartford City
0%
Heartland
0%
Hidden Meadows
0%
Higgins Lake
0%
Higginsville
0%
Hillsdale
0%
Holdenville
0%
Holts Summit
0%
Honesdale
0%
Hornsby Bend
0%
Horseshoe Bay
0%
Houghton Lake
0%
Idabel
0%
Immokalee
0%
Indiantown
0%
Ionia
0%
Ishpeming
0%
Jerseyville
0%
Jewett City
0%
Kasson
0%
Kaufman
0%
Kekaha
0%
Kendallville
0%
Kenton
0%
Kewanee
0%
Keystone Heights
0%
Kinross
0%
Kittanning/Ford City
0%
Kutztown
0%
LaBelle
0%
Laie/Hauula
0%
Lake Bryant
0%
Lake Delton
0%
Lake Holiday
0%
Lake Isabella
0%
Lake Mills
0%
Lake Mohawk
0%
Lake of the Pines
0%
Lakeport
0%
Lakes of the Four Seasons
0%
Lambertville
0%
Lamont
0%
Lapeer
0%
Larned
0%
Lehighton/Palmerton/Jim Thorpe
0%
Le Mars
0%
Lemoore Station
0%
Lincoln Beach
0%
Lindstrom/Chisago City
0%
Littlestown
0%
Lock Haven
0%
Ludington
0%
Lufkin
0%
Luverne
0%
Lynden
0%
Magalia
0%
Mahanoy City
0%
Mahomet
0%
Manistee
0%
Manteca
0%
Marengo
0%
Marion Oaks
0%
Marshfield
0%
Mascoutah
0%
Mattawan
0%
McHenry Northwest/Wonder Lake
0%
Mecca
0%
Merrill
0%
Middleport
0%
Millinocket
0%
Mineral Wells
0%
Minster/New Bremen
0%
Moberly
0%
Molalla
0%
Montesano/Elma
0%
Montevideo
0%
Mountain Grove
0%
Mountain Top
0%
Mount Plymouth
0%
Mukwonago
0%
Mystic Island/Little Egg Harbor
0%
Nacogdoches
0%
Napoleon
0%
Nappanee
0%
New Carlisle
0%
New Freedom/Shrewsbury
0%
Newman
0%
New Richmond
0%
Newton Falls
0%
New Ulm
0%
Nipomo
0%
North Bend
0%
North Branch
0%
North Manchester
0%
Ocean Park
0%
Oelwein
0%
Orange City
0%
Orangetree
0%
Oronoko/Berrien Springs
0%
Orosi
0%
Oscoda/Au Sable
0%
Oskaloosa
0%
Owosso
0%
Pahokee
0%
Palmyra
0%
Panther Valley
0%
Parlier
0%
Pauls Valley
0%
Paxton
0%
Pecan Plantation
0%
Pennsburg/Upper Hanover/East Greenville
0%
Petoskey
0%
Platteville
0%
Plattsmouth
0%
Pleasant Hill
0%
Plumas Lake
0%
Poinciana Southwest
0%
Point Roberts
0%
Polk City
0%
Poolesville
0%
Port Hadlock/Irondale
0%
Pottsville
0%
Prairie du Sac/Sauk City
0%
Prosser
0%
Punxsutawney
0%
Pupukea
0%
Rainbow Springs
0%
Rancho Calaveras
0%
Rantoul
0%
Red Bluff
0%
Red Oak
0%
Redwood Falls
0%
Reedsburg
0%
Reedsport
0%
Rhinelander
0%
Rice Lake
0%
Richland Center
0%
Ripon
0%
Rockaway Beach
0%
Rosamond
0%
Running Springs
0%
Rushville
0%
Russells Point
0%
Saint Francis
0%
Saint Helen
0%
Saint Helena
0%
Saint Helens
0%
Saint Ignace
0%
Sauk Centre
0%
Scappoose
0%
Schuylkill Haven/Orwigsburg
0%
Sebastopol
0%
Seminole
0%
Sequim
0%
Shawano
0%
Sheldon
0%
Shelton
0%
Shenandoah
0%
Shenandoah/Frackville
0%
Shinnston
0%
Shippensburg
0%
Silver Creek
0%
Silver Lakes
0%
Silverton
0%
Skiatook
0%
Slatington
0%
Slippery Rock
0%
Snyder
0%
Sonterra
0%
South Haven
0%
South Paris
0%
Stanwood
0%
Stayton
0%
Ste. Genevieve
0%
Stephenville
0%
Stewartville
0%
Stoughton
0%
Strasburg
0%
Streator
0%
Sugarmill Woods
0%
Sultan
0%
Sunbury
0%
Sutherlin
0%
Tamaqua
0%
Taneytown
0%
Taylorville
0%
Tecumseh
0%
Three Rivers
0%
Thurmont
0%
Tiltonsville/Brilliant
0%
Tippecanoe
0%
Tipton
0%
Tomah
0%
Tonganoxie
0%
Toppenish
0%
Towanda
0%
Twin Lakes
0%
Union Grove
0%
Uniontown
0%
Upper Sandusky
0%
Veneta
0%
Village of Four Seasons
0%
Village of Oak Creek (Big Park)
0%
Viroqua
0%
Wabash
0%
Waconia
0%
Wahoo
0%
Waikoloa Village
0%
Walden
0%
Waldport
0%
Wamego
0%
Wapakoneta
0%
Wapato
0%
Warrenton
0%
Warrenton/New Baltimore
0%
Waupaca
0%
Waupun
0%
Wauseon
0%
Wayland
0%
Webster City
0%
Wellston
0%
West Bend
0%
West Jefferson/Lake Darby
0%
West Milton
0%
West Salem
0%
Westville
0%
Whitehall
0%
Whitewater
0%
Wildwood
0%
Willmar
0%
Wind Lake
0%
Winfield
0%
Winsted
0%
Winterset
0%
Wisconsin Rapids
0%
Woodburn
0%
Woodlake
0%
Woodward
0%
Wrightwood
0%
Yelm
0%
Zimmerman
0%
No matching quizzes found
Score Distribution
Percent of People with Each Score
Percentile by Number Answered
Your Score History
You have not taken this quiz since the last reset